Statistics for Fictional Characters by Picture - Y

Click here to take the quiz!

General Stats

  • This quiz has been taken 975 times
  • The average score is 6 of 16

Answer Stats

Answer% Correct
Yoda
98%
Yeti
89%
Yoshi
82%
Yogi Bear
77%
Yosemite Sam
51%
Yugi Mutou
44%
Yondu Udonta
42%
Ygritte
23%
Yamcha
16%
Yveltal
16%
Yakari
13%
Ymir
12%
Yubaba
9%
Yuna
7%
Yugo
5%
Yusuf Kama
5%

Score Distribution

Percentile by Number Answered

Percent of People with Each Score

Your Score History

You have not taken this quiz